Guandong China 2007
Salvato in:
| Ente Autore: | |
|---|---|
| Natura: | Libro |
| Lingua: | cinese |
| Pubblicazione: |
Cantón
Information Office of Guandong Provincial People's Govemment
2007
|
| Soggetti: | |
| Tags: |
Aggiungi Tag
Nessun Tag, puoi essere il primo ad aggiungerne!!
|
MARC
| LEADER | 00000nam a2200000 a 4500 | ||
|---|---|---|---|
| 001 | UCH1320 | ||
| 003 | CL-VaPUC | ||
| 008 | 090420e20070000ch |||||||||||||||||chi|d | ||
| 082 | 0 | 4 | |a 915.51 |b INF |2 21 |
| 110 | 2 | |a Information Office of Guandong Provincial People's Govemment |e author |9 535748 | |
| 245 | 1 | 0 | |a Guandong China 2007 |
| 300 | |a 126 p | ||
| 942 | |c BK | ||
| 945 | |d 20090420 00:00:00 |a dcastane | ||
| 260 | |a Cantón |b Information Office of Guandong Provincial People's Govemment |c 2007 | ||
| 650 | 7 | |a GEOGRAFIA REGIONAL |2 CL-VaPUC |9 350312 | |
| 650 | 7 | |a FOTOS |2 CL-VaPUC |9 535749 | |
| 650 | 7 | |a LUGARES |2 CL-VaPUC |9 353133 | |
| 650 | 0 | |a Turismo |9 308920 | |
| 650 | 7 | |a LUGARES DE INTERES TURISTICO |2 CL-VaPUC |9 535750 | |
| 651 | 0 | |a China |9 257545 | |
| 651 | 7 | |a GUANDONG |2 CL-VaPUC |9 535751 | |
| 583 | |a last modification |c 20171114 10:49:52 |k Rodrigo Vera | ||
| 999 | |c 333371 |d 333369 | ||
| 952 | |0 0 |1 0 |4 0 |6 915_510000000000000_INF_2007 |7 0 |8 A |9 421721 |a BIBGIM |b BIBGIM |d 2019-11-22 |i 4518829 |o 915.51 INF 2007 |p 4518829 |r 2025-01-15 |w 2019-11-22 |y BK |k ORI | ||